• 首页
  • 本馆介绍
  • 公告通知
  • 最新文献
  • 馆藏检索
  • 电子资源
  • 读者导购
  • 参考咨询
  • 我的图书馆
  • 登录
  • 详细信息显示
  • 放入我的书架
  • 预约/预借图书
  • 作者相关作品
  • 分类相关作品
  • 丛书相关作品
  • 出版社相关作品

书目信息

  • 表格格式
  • 工作单格式
  • 卡片格式
题名:
新中国六十年统计资料汇编
    
 
作者: 李晓超 , 严建辉 总编辑 ;国家统计局国民经济综合统计司 编
分册:  
出版信息: 北京   中国统计出版社  2010.1
页数: 54,1167页
开本: 30cm
丛书名:
单 册:
中图分类: C832
科图分类:
主题词: 统计资料--中国--1949~2008--汇编 , 统计资料
电子资源:
ISBN: 978-7-5037-5894-2
000 01199nam0 2200277 45
001 516
005 20120531151119.73
010    @a978-7-5037-5894-2@dCNY580.00
100    @a20120328d2010 emky0chiy0110 ea
101 0  @achi@aeng
102    @aCN@b110000
105    @ak igz 000yy
106    @ar
200 1  @a新中国六十年统计资料汇编@AXin Zhong Guo Liu Shi Nian Tong Ji Zi Liao Hui Bian@d= China compendium of statistics 1949-2008@e[中英文本]@E[ Zhong Ying Wen Ben ]@f李晓超,严建辉总编辑@FLi Xiao Chao, Yan Jian Hui Zong Bian Ji@g国家统计局国民经济综合统计司编@zeng
210    @a北京@c中国统计出版社@d2010.1
215    @a54,1167页@d30cm
330    @a本书记录了1949~2008年全国各地的国民经济和社会发展状况。全书分为三大部分,第一部分为全国篇,第二部分为省区市篇,第三部分为港澳篇。
510 1  @aChina compendium of statistics 1949-2008@zeng
606 0  @a统计资料@y中国@z1949~2008@j汇编
606 0  @a统计资料
690    @aC832@v4
701  0 @a李晓超@ALi Xiao Chao@4总编辑
701  0 @a严建辉@AYan Jian Hui@4总编辑
712 02 @a国家统计局国民经济综合统计司@AGuo Jia Tong Ji Ju Guo Min Jing Ji Zong He Tong Ji Si@4编
801  0 @aCN@bTSTCL@c20120328
905    @b0815090-91@dC832@e76@f2
    
    新中国六十年统计资料汇编= China compendium of statistics 1949-2008:[中英文本]/李晓超,严建辉总编辑/国家统计局国民经济综合统计司编.-北京:中国统计出版社,2010.1
    54,1167页;30cm
    
    
    ISBN 978-7-5037-5894-2:CNY580.00
    本书记录了1949~2008年全国各地的国民经济和社会发展状况。全书分为三大部分,第一部分为全国篇,第二部分为省区市篇,第三部分为港澳篇。
●
相关链接 在E读中查询图书 在五车中查询图书 在当当中查询图书 在豆瓣中查询图书


正题名:新中国六十年统计资料汇编     索取号:C832/76         预约/预借

序号 登录号 条形码 馆藏地/架位号 状态 备注
1 0815090   208150908   第一样本阅览室/ [索取号:C832/76] 在馆    
2 0815091   208150917   第一借阅区/ [索取号:C832/76] 在馆    
唐山师范学院图书馆 欢迎您!
大连网信软件有限公司© 版权所有